Movies Quiz

Random Movies or Clickable Quiz

One-Star Disney Quiz Stats

 Plays Quiz Updated Jun 12, 2017

Support Sporcle.
Go Orange.
Score 0/20 Timer 07:00
17 Plays Today
% Correct
Snow White and the Seven Dwarfs
94.5%
The Lion King
93.9%
Peter Pan
92.6%
Mulan
92.5%
Alice in Wonderland
92.3%
Bambi
90.9%
Tarzan
89.8%
One Hundred and One Dalmatians
89.1%
Hercules
86.7%
Fantasia
82.1%
% Correct
The Little Mermaid
81.1%
The Hunchback of Notre Dame
80%
Beauty and the Beast
79%
The Aristocats
78.7%
Pocahontas
70.7%
The Emperor's New Groove
67.4%
Robin Hood
66.6%
Atlantis: The Lost Empire
64.6%
The Black Cauldron
58%
The Rescuers
46.2%

You're not logged in!

Compare scores with friends on all Sporcle quizzes.
OR
Log In
Forgot?

From the Vault

Let Me Hug You, TV

by druhutch

Cause a hug is just a strangle you haven't finished yet.
Remove Ads.
Support Sporcle.
Get the best of Sporcle when you Go Orange. This ad-free experience offers more features, more stats, and more fun while also helping to support Sporcle. Thank you for becoming a member.

Show Comments

Extras

Top Quizzes Today


Score Distribution

Your Account Isn't Verified!

In order to create a playlist on Sporcle, you need to verify the email address you used during registration. Go to your Sporcle Settings to finish the process.

Report this User

Report this user for behavior that violates our Community Guidelines.

Details: